Estadísticas para Las 10 provincias menos ricas de España

Haz click aquí para intentar la prueba.

Estadísticas generales

  • Esta prueba ha sido intentada 133 veces
  • La puntuación promedio es 9 de 10

Estadísticas de respuestas

PIB (miles de Euros)InicialProvincia% Correcto
5.227.044HHuesca
93%
3.555.183TTeruel
91%
3.655.724ZZamora
91%
3.330.749ÁÁvila
89%
5.614.920OOurense
87%
3.983.588PPalencia
87%
3.795.363SSegovia
85%
2.039.271SSoria
85%
4.292.009GGuadalajara
81%
3.836.006CCuenca
79%

Distribución de puntuación

Porcentaje por número respondido

Porcentaje de gente con cada puntuación

Historial de tus puntuaciones

No has intentado esta prueba.